| 000 | 01064cam a22003133a 4500 | ||
|---|---|---|---|
| 001 | 28876 | ||
| 003 | PGUSA | ||
| 005 | 20140828083626.0 | ||
| 008 | 090519s2009||||xxu|||||s|||||000 | eng d | ||
| 040 |
_aPGUSA _beng |
||
| 042 | _adc | ||
| 050 | 4 | _aDS | |
| 100 | 1 |
_aMaspero, G. _q(Gaston), _d1846-1916 |
|
| 245 | 1 | 0 |
_aHistory Of Egypt, Chaldæa, Syria, Babylonia, And Assyria : _bA Linked Index to the Project Gutenberg Editions _h[electronic resource] / _cG. Maspero |
| 260 |
_bProject Gutenberg, _c2009 |
||
| 506 | _aPublic domain in the USA. | ||
| 516 | _aElectronic text | ||
| 653 | _aMiddle East -- History | ||
| 653 | _aCivilization, Ancient | ||
| 653 | _aHistory, Ancient | ||
| 653 | _aEgypt -- History -- To 640 A.D. | ||
| 653 | _aIndexes | ||
| 700 | 1 |
_aWidger, David, _d1932- |
|
| 700 | 1 |
_aMcClure, M. L., _d-1918 |
|
| 740 | 0 | _aHistory Of Egypt, Chaldaea, Syria, Babylonia, And Assyria A Linked Index to the Project Gutenberg Editions | |
| 830 | 0 |
_aProject Gutenberg _v28876 |
|
| 856 | 4 | 0 | _uhttp://www.gutenberg.org/ebooks/28876 |
| 942 | _cEB | ||
| 999 |
_c258131 _d258131 |
||